00619cam a22001691a 45000410008000000820015000081000017000232450044000402600037000843000011001215000052001325000110001845000072002945000043003666500019004097000021004281 aeng a270.1bDUC1 aDuchesne, L.00aEarly history of the Christian church : aLondon :bJ. Murray,c1909-1924. a3 v. ; aTranslation of Histoire ancienne de l'église. aTitle varies slightly: vol. I, Early history of the Christian church ... to the end of the third century. aVol. I is of the American edition (New York, Longmans, Green & co.) aVol. III translated by Claude Jenkins. 0aChurch history1 aJenkins, Claude,